LIBRARY & INFORMATION CENTRE, KCAET, TAVANUR

ONLINE PUBLIC ACCESS CATALOGUE (OPAC)

Constant head permeameter formula dependence on the alpha parameter (Record no. 15209)

MARC details
000 -LEADER
fixed length control field 00656nam a22001937a 4500
003 - CONTROL NUMBER IDENTIFIER
control field OSt
088 ## - REPORT NUMBER
Report number P 101
100 ## - MAIN ENTRY--AUTHOR NAME
Personal name HEMA R
245 ## - TITLE STATEMENT
Title Constant head permeameter formula dependence on the alpha parameter
260 ## - PUBLICATION, DISTRIBUTION, ETC. (IMPRINT)
Place of publication Tavanur 2000
Name of publisher Kelappaji College of Agricultural Engineering and Technology
300 ## - PHYSICAL DESCRIPTION
Number of Pages 49
500 ## - GENERAL NOTE
General note Constant head permeameter formula dependence on the alpha parameter
520 ## - SUMMARY, ETC.
Summary, etc Constant head permeameter formula dependence on the alpha parameter
700 ## - ADDED ENTRY--PERSONAL NAME
Personal name Manoj Kurian
700 ## - ADDED ENTRY--PERSONAL NAME
Personal name Raneesh K. Y
700 ## - ADDED ENTRY--PERSONAL NAME
Personal name Er. V. M Abdul Hakkim (Guide)
942 ## - ADDED ENTRY ELEMENTS (KOHA)
Koha item type Project Report
Holdings
Collection code Home library Current library Shelving location Full call number Accession Number Koha item type
Reference KAUAET KAUAET Reference 631.587 HEM/CO P 101 Project Report
free website counter